The defence of Britain / (Record no. 552336)

000 -LEADER
fixed length control field 00532pam a2200169 i 4500
020 ## - INTERNATIONAL STANDARD BOOK NUMBER
International Standard Book Number 0313221758 (lib. bdg.)
082 00 - DEWEY DECIMAL CLASSIFICATION NUMBER
Classification number 940.40942
Author Mark HAR
-- D
100 2# - MAIN ENTRY--PERSONAL NAME
Personal name Liddell Hart, Basil Henry,
245 14 - TITLE STATEMENT
Title The defence of Britain /
Statement of responsibility, etc. by Liddell Hart.
260 ## - PUBLICATION, DISTRIBUTION, ETC.
Place of publication, distribution, etc. Westport, Conn. :
Name of publisher, distributor, etc. Greenwood Press,
Date of publication, distribution, etc. 1980.
300 ## - PHYSICAL DESCRIPTION
Extent 444 p. ;
Dimensions 23 cm.
500 ## - GENERAL NOTE
General note Includes index.
500 ## - GENERAL NOTE
General note Reprint of the 1939 ed. published by Faber and Faber, London.
526 ## - STUDY PROGRAM INFORMATION NOTE
Program name 0
Interest level 0
Reading level 0
Title point value 940_409420000000000_HAR
650 ## - SUBJECT ADDED ENTRY--TOPICAL TERM
Topical term or geographic name entry element MCE
9 (RLIN) 379
942 ## - ADDED ENTRY ELEMENTS (KOHA)
Source of classification or shelving scheme
Koha item type Book
Holdings
Withdrawn status Lost status Source of classification or shelving scheme Damaged status Not for loan Permanent Location Current Location Shelving location Date acquired Total Checkouts Full call number Barcode Date last seen Price effective from Koha item type
          Military College of Engineering (MCE) Military College of Engineering (MCE)   01/14/2015   940.40942 HAR MCE-ECD/50 01/14/2015 01/14/2015 Book
© 2023 Central Library, National University of Sciences and Technology. All Rights Reserved.